<?xml version="1.0" encoding="UTF-8"?>
<record
    xmlns:xsi="http://www.w3.org/2001/XMLSchema-instance"
    xsi:schemaLocation="http://www.loc.gov/MARC21/slim http://www.loc.gov/standards/marcxml/schema/MARC21slim.xsd"
    xmlns="http://www.loc.gov/MARC21/slim">

  <leader>01301nam0a22003011  4500</leader>
  <controlfield tag="001">rc\4864824</controlfield>
  <controlfield tag="005">20260406194339.0</controlfield>
  <datafield tag="021" ind1=" " ind2=" ">
    <subfield code="a">RU</subfield>
    <subfield code="b">[60-10485]</subfield>
  </datafield>
  <datafield tag="035" ind1=" " ind2=" ">
    <subfield code="a">(NLR Aleph) 008906851</subfield>
  </datafield>
  <datafield tag="090" ind1=" " ind2=" ">
    <subfield code="a">8738423</subfield>
    <subfield code="c">8738423</subfield>
  </datafield>
  <datafield tag="100" ind1=" " ind2=" ">
    <subfield code="a">20130426d1959    |||y0rusy50      ca</subfield>
  </datafield>
  <datafield tag="101" ind1="0" ind2=" ">
    <subfield code="a">rus</subfield>
  </datafield>
  <datafield tag="102" ind1=" " ind2=" ">
    <subfield code="a">RU</subfield>
  </datafield>
  <datafield tag="105" ind1=" " ind2=" ">
    <subfield code="a">y   c   |||||</subfield>
  </datafield>
  <datafield tag="200" ind1="1" ind2=" ">
    <subfield code="a">&#x41F;&#x440;&#x43E;&#x438;&#x437;&#x432;&#x435;&#x434;&#x435;&#x43D;&#x438;&#x44F; &#x43F;&#x438;&#x441;&#x430;&#x442;&#x435;&#x43B;&#x435;&#x439; &#x438; &#x43F;&#x43E;&#x44D;&#x442;&#x43E;&#x432; &#x427;&#x435;&#x447;&#x435;&#x43D;&#x43E;-&#x418;&#x43D;&#x433;&#x443;&#x448;&#x435;&#x442;&#x438;&#x438;. (1957-1959 &#x433;&#x433;.)</subfield>
    <subfield code="e">&#x420;&#x435;&#x43A;. &#x443;&#x43A;&#x430;&#x437;&#x430;&#x442;&#x435;&#x43B;&#x44C; &#x43B;&#x438;&#x442;&#x435;&#x440;&#x430;&#x442;&#x443;&#x440;&#x44B;</subfield>
    <subfield code="f">&#x427;&#x435;&#x447;&#x435;&#x43D;&#x43E;-&#x418;&#x43D;&#x433;&#x443;&#x448;. &#x440;&#x435;&#x441;&#x43F;. &#x431;-&#x43A;&#x430; &#x438;&#x43C;. &#x410;.&#x41F;. &#x427;&#x435;&#x445;&#x43E;&#x432;&#x430;. &#x411;&#x438;&#x431;&#x43B;&#x438;&#x43E;&#x433;&#x440;. &#x43E;&#x442;&#x434;.</subfield>
  </datafield>
  <datafield tag="210" ind1=" " ind2=" ">
    <subfield code="a">&#x413;&#x440;&#x43E;&#x437;&#x43D;&#x44B;&#x439;</subfield>
    <subfield code="c">&#x411;. &#x438;.</subfield>
    <subfield code="d">1959</subfield>
  </datafield>
  <datafield tag="215" ind1=" " ind2=" ">
    <subfield code="a">15 &#x441;.</subfield>
    <subfield code="d">20</subfield>
  </datafield>
  <datafield tag="300" ind1=" " ind2=" ">
    <subfield code="a">&#x421;&#x43E;&#x441;&#x442;. &#x443;&#x43A;&#x430;&#x437;&#x430;&#x43D; &#x432; &#x432;&#x44B;&#x43F;. &#x434;&#x430;&#x43D;.: &#x431;&#x438;&#x431;&#x43B;&#x438;&#x43E;&#x433;&#x440;&#x430;&#x444; &#x41D;&#x430;&#x437;&#x430;&#x440;&#x435;&#x442;&#x44C;&#x44F;&#x43D;&#x446;, &#x420;.&#x41C;.</subfield>
  </datafield>
  <datafield tag="606" ind1=" " ind2=" ">
    <subfield code="a">&#x418;&#x43D;&#x433;&#x443;&#x448;&#x441;&#x43A;&#x430;&#x44F; &#x43B;&#x438;&#x442;&#x435;&#x440;&#x430;&#x442;&#x443;&#x440;&#x430;</subfield>
    <subfield code="j">&#x411;&#x438;&#x431;&#x43B;&#x438;&#x43E;&#x433;&#x440;&#x430;&#x444;&#x438;&#x44F;</subfield>
    <subfield code="2">psbo</subfield>
  </datafield>
  <datafield tag="606" ind1=" " ind2=" ">
    <subfield code="a">&#x427;&#x435;&#x447;&#x435;&#x43D;&#x441;&#x43A;&#x430;&#x44F; &#x43B;&#x438;&#x442;&#x435;&#x440;&#x430;&#x442;&#x443;&#x440;&#x430;</subfield>
    <subfield code="j">&#x411;&#x438;&#x431;&#x43B;&#x438;&#x43E;&#x433;&#x440;&#x430;&#x444;&#x438;&#x44F;</subfield>
    <subfield code="2">psbo</subfield>
  </datafield>
  <datafield tag="700" ind1=" " ind2="1">
    <subfield code="a">&#x41D;&#x430;&#x437;&#x430;&#x440;&#x435;&#x442;&#x44C;&#x44F;&#x43D;&#x446;</subfield>
    <subfield code="b">&#x420;.&#x41C;.</subfield>
    <subfield code="4">220</subfield>
  </datafield>
  <datafield tag="712" ind1="0" ind2="2">
    <subfield code="a">&#x427;&#x435;&#x447;&#x435;&#x43D;&#x43E;-&#x418;&#x43D;&#x433;&#x443;&#x448;&#x441;&#x43A;&#x430;&#x44F; &#x440;&#x435;&#x441;&#x43F;. &#x431;-&#x43A;&#x430; &#x438;&#x43C;. &#x410;.&#x41F;.&#x427;&#x435;&#x445;&#x43E;&#x432;&#x430;</subfield>
    <subfield code="c">&#x413;&#x440;&#x43E;&#x437;&#x43D;&#x44B;&#x439;</subfield>
    <subfield code="3">RU\NLR\AUTH\889957410</subfield>
    <subfield code="9">410924</subfield>
  </datafield>
  <datafield tag="801" ind1=" " ind2="0">
    <subfield code="a">RU</subfield>
    <subfield code="b">NLR</subfield>
    <subfield code="g">psbo</subfield>
  </datafield>
  <datafield tag="801" ind1=" " ind2="1">
    <subfield code="a">RU</subfield>
    <subfield code="b">ELAR</subfield>
    <subfield code="2">rusmarc</subfield>
  </datafield>
  <datafield tag="852" ind1=" " ind2=" ">
    <subfield code="a">NLR</subfield>
    <subfield code="j">&#x441;945&#x427;&#x435;&#x447;-&#x418;&#x43D;&#x433;/&#x41D;-19</subfield>
  </datafield>
  <datafield tag="942" ind1=" " ind2=" ">
    <subfield code="c">BOOK</subfield>
  </datafield>
  <datafield tag="980" ind1=" " ind2=" ">
    <subfield code="a">NB</subfield>
  </datafield>
  <datafield tag="995" ind1=" " ind2=" ">
    <subfield code="5">2013-10-26</subfield>
    <subfield code="b">NLR01</subfield>
    <subfield code="c">NLR01</subfield>
    <subfield code="e">CSB</subfield>
    <subfield code="f">1-4647637</subfield>
    <subfield code="k">&#x441;945&#x427;&#x435;&#x447;-&#x418;&#x43D;&#x433;/&#x41D;-19</subfield>
    <subfield code="o">0</subfield>
    <subfield code="r">BOOK</subfield>
    <subfield code="s">94519_</subfield>
  </datafield>
</record>
